000
00271nam a22000857a 4500
008
160629b xxu||||| |||| 00| 0 eng d
100
_9
1299
_a
Tayal, B.B., et al
245
_a
Indian Civilization World History & Civics - X
260
_a
New Delhi
_b
Avichal Publications
_c
New Delhi
999
_c
1064
_d
1064